000 00374cam a22001217a 4500
008 180718bn.d. xxu||||| |||| 00| 0 eng d
082 _aA81x5411 In2/51/18/1
100 _aCensus of India 1951
245 _aManipur: state census handbook
260 _aGauhati
_bSuperintendent, Census Operations
_cn.d.
300 _a104+p.
440 _aCensus of India 1951. Volume I, Manipur
999 _c483650
_d483650